<?xml version="1.0" encoding="UTF-8"?>
<record
    xmlns:xsi="http://www.w3.org/2001/XMLSchema-instance"
    xsi:schemaLocation="http://www.loc.gov/MARC21/slim http://www.loc.gov/standards/marcxml/schema/MARC21slim.xsd"
    xmlns="http://www.loc.gov/MARC21/slim">

  <leader>00762nam a2200217Ia 4500</leader>
  <controlfield tag="003">OSt</controlfield>
  <controlfield tag="005">20250813114351.0</controlfield>
  <controlfield tag="008">210719s1998    xx            000 0 und d</controlfield>
  <datafield tag="040" ind1=" " ind2=" ">
    <subfield code="c">AL</subfield>
  </datafield>
  <datafield tag="041" ind1=" " ind2=" ">
    <subfield code="a">Tulu</subfield>
  </datafield>
  <datafield tag="082" ind1=" " ind2=" ">
    <subfield code="a">T894.3 TIMG</subfield>
  </datafield>
  <datafield tag="100" ind1=" " ind2=" ">
    <subfield code="a">TIMMAPPA PUJARI (Ja)</subfield>
    <subfield code="d">&#xCA4;&#xCBF;&#xCAE;&#xCCD;&#xCAE;&#xCAA;&#xCCD;&#xCAA; &#xCAA;&#xCC2;&#xC9C;&#xCBE;&#xCB0;&#xCBF; (&#xC9C;&#xCBE;) </subfield>
    <subfield code="9">235316</subfield>
  </datafield>
  <datafield tag="245" ind1=" " ind2=" ">
    <subfield code="a">Gadeled adengdi kateklu: Katekle jonkuli </subfield>
    <subfield code="b"> &#xC97;&#xCBE;&#xCA6;&#xCC6; &#xCB2;&#xCC6;&#xCA1;&#xCCD; &#xC85;&#xCA6;&#xCC6;&#xC82;&#xC97;&#xCCD;&#xCA1;&#xCBF; &#xC95;&#xCA4;&#xCC6;&#xC95;&#xCCD;&#xCB2;&#xCC1;: &#xC95;&#xCA4;&#xCC6;&#xC95;&#xCCD;&#xCB2;&#xCC6; &#xC9C;&#xCCB;&#xC82;&#xC95;&#xCC1;&#xCB2;&#xCBF; </subfield>
  </datafield>
  <datafield tag="260" ind1=" " ind2=" ">
    <subfield code="a">Mangaluru</subfield>
    <subfield code="b">Pratibha Prakashana</subfield>
    <subfield code="c">1998</subfield>
  </datafield>
  <datafield tag="300" ind1=" " ind2=" ">
    <subfield code="a">49</subfield>
    <subfield code="b">PB</subfield>
  </datafield>
  <datafield tag="365" ind1=" " ind2=" ">
    <subfield code="b">24</subfield>
    <subfield code="c">Rs</subfield>
  </datafield>
  <datafield tag="650" ind1=" " ind2=" ">
    <subfield code="a">Tulu Fiction</subfield>
    <subfield code="9">235317</subfield>
  </datafield>
  <datafield tag="650" ind1=" " ind2=" ">
    <subfield code="a">Tulu Fiction</subfield>
    <subfield code="9">235317</subfield>
  </datafield>
  <datafield tag="906" ind1=" " ind2=" ">
    <subfield code="a">adengdi ; Gadeled ; jonkuli ; kateklu ; Katele</subfield>
  </datafield>
  <datafield tag="942" ind1=" " ind2=" ">
    <subfield code="2">ddc</subfield>
    <subfield code="c">BK</subfield>
  </datafield>
  <datafield tag="999" ind1=" " ind2=" ">
    <subfield code="c">214936</subfield>
    <subfield code="d">214936</subfield>
  </datafield>
  <datafield tag="952" ind1=" " ind2=" ">
    <subfield code="0">0</subfield>
    <subfield code="1">0</subfield>
    <subfield code="4">0</subfield>
    <subfield code="7">0</subfield>
    <subfield code="8">Tulu</subfield>
    <subfield code="a">AL</subfield>
    <subfield code="b">AL</subfield>
    <subfield code="d">2008-11-29</subfield>
    <subfield code="g">24.00</subfield>
    <subfield code="l">0</subfield>
    <subfield code="o">T894.3 TIMG</subfield>
    <subfield code="p">D03552</subfield>
    <subfield code="r">2021-07-19 00:00:00</subfield>
    <subfield code="w">2021-07-19</subfield>
    <subfield code="y">DB</subfield>
  </datafield>
</record>
